Privatizacija v Vengrii.

Malé podniky v Maďarsku majú 20 perc. podiel na tvorbe národného dôchodku. Význam skúseností malého podnikania pre privatizáciu. Rozdielne názory na tempo a rozsah reformy vlastníctva a privatizácie. Nedostatok vlastných prostriedkov pre privatizáciu. Zosilňovanie úlohy zahraničného kapitálu. Nové f...

Descripción completa

Guardado en:
Detalles Bibliográficos
Autor principal: Balog, A.
Formato: Capítulo de libro
Lenguaje:ruso
Materias:
Etiquetas: Agregar Etiqueta
Sin Etiquetas, Sea el primero en etiquetar este registro!

MARC

LEADER 00000naa a2200000 4500
001 r004028
005 20221130102940.7
041 0 |a rus 
044 |a [SU] 
245 1 0 |a Privatizacija v Vengrii.  |c A. Balog 
520 |a Malé podniky v Maďarsku majú 20 perc. podiel na tvorbe národného dôchodku. Význam skúseností malého podnikania pre privatizáciu. Rozdielne názory na tempo a rozsah reformy vlastníctva a privatizácie. Nedostatok vlastných prostriedkov pre privatizáciu. Zosilňovanie úlohy zahraničného kapitálu. Nové formy regulovania finančno-hospodárskych vzťahov ako predpoklad fungovania privatizovaných podnikov. Súčasný stav privatizácie v MR. 
610 2 0 |a privatizácia 
610 2 0 |a MR 
610 2 0 |a dôchodok národný 
610 2 0 |a reformy hospodárske 
610 2 0 |a kapitál zahraničný 
100 1 |a Balog, A.